MARC

LEADER 00000nam^a2200000^a^4500
001 000187112
005 20250521000000.0
009 20260310102250.924
037 |a Acervo ITESO - Biblioteca 
041 |a ESP 
082 |a 944. 04  |b REV 
245 0 3 |a La Revolución Francesa /  |c M. Thorez... [et al.] ; ap. de T.A. Jackson ; tr. por Rodolfo García Higuera. 
264 4 |a México :  |b Grijalbo,  |c 1968, c1968 
300 |a 157 p. 
336 |a texto  |b txt  |2 rdacontenido 
337 |a sin mediación  |b n  |2 rdamedio 
338 |a volumen  |b nc  |2 rdasoporte 
440 1 |a (Colección 70 ;  |v 28.  |p Primera Serie) 
649 |a XX 
650 |a Campesinos -  |z Francia -  |x Historia 
650 |a Obreros -  |z Francia -  |x Historia 
650 |a Arte y Política -  |z Francia -  |x Historia y Crítica 
650 |a Ciencia -  |z Francia -  |x Historia 
650 |a Cambios Sociales y Culturales -  |z Francia -  |x Historia 
650 |a Revolución -  |z Francia -  |x Historia 
650 |a Cambios Políticos -  |z Francia -  |x Historia 
650 |a Política Exterior -  |z Francia -  |x Historia 
650 |a Jacobinismo -  |z Francia -  |x Historia 
650 |a Filosofía Política -  |z Francia -  |x Historia 
650 |a Ilustración (Filosofía) -  |z Francia -  |x Historia y Crítica 
650 |a Filosofía Moderna -  |z Francia -  |x Historia y Crítica 
650 |a Filosofía Francesa -  |x Historia y Crítica 
650 |a Política -  |z Francia -  |x Historia 
650 |a Francia -  |x Historia -  |y Revolución Constitucional, 1789-1792 
650 |a Francia -  |x Historia -  |y Luis XVI, 1774-1792 
650 |a Francia -  |x Historia -  |y Primera República, 1792-1799 
650 |a Francia -  |x Historia -  |y Revolución Liberal Burguesa, 1774-1848 
650 |a Francia -  |x Historia -  |y Siglo XVIII 
650 |a Francia -  |x Historia -  |y Borbones, 1589-1792 
700 |a Thorez, Maurice  |e (autor) 
910 |a Fondo General 
920 |a Impresos - Libros 
930 |a Colección General 
905 |a 101 
901 |a 0500128990  |b IT1  |c ACC  |u 20250521 
902 |a https://opac.biblio.iteso.mx/vufind/Record/000187112